<?xml version="1.0" encoding="UTF-8"?>
<record
    xmlns:xsi="http://www.w3.org/2001/XMLSchema-instance"
    xsi:schemaLocation="http://www.loc.gov/MARC21/slim http://www.loc.gov/standards/marcxml/schema/MARC21slim.xsd"
    xmlns="http://www.loc.gov/MARC21/slim">

  <leader>04067cam a2200385   4500500</leader>
  <controlfield tag="005">20260322005117.0</controlfield>
  <datafield tag="041" ind1=" " ind2=" ">
    <subfield code="a">fre</subfield>
  </datafield>
  <datafield tag="042" ind1=" " ind2=" ">
    <subfield code="a">dc</subfield>
  </datafield>
  <datafield tag="100" ind1="1" ind2="0">
    <subfield code="a">Milleret, G&#xE9;rard</subfield>
    <subfield code="e">author</subfield>
  </datafield>
  <datafield tag="700" ind1="1" ind2="0">
    <subfield code="a">Benradia, Imane</subfield>
    <subfield code="e">author</subfield>
  </datafield>
  <datafield tag="700" ind1="1" ind2="0">
    <subfield code="a">Guicherd, William</subfield>
    <subfield code="e">author</subfield>
  </datafield>
  <datafield tag="700" ind1="1" ind2="0">
    <subfield code="a">Roelandt, Jean-Luc</subfield>
    <subfield code="e">author</subfield>
  </datafield>
  <datafield tag="245" ind1="0" ind2="0">
    <subfield code="a">&#xC9;tats des lieux. Recherche action nationale &#xAB;&#xA0;Place de la sant&#xE9; mentale en m&#xE9;decine g&#xE9;n&#xE9;rale&#xA0;&#xBB;</subfield>
  </datafield>
  <datafield tag="260" ind1=" " ind2=" ">
    <subfield code="c">2014.
							</subfield>
  </datafield>
  <datafield tag="500" ind1=" " ind2=" ">
    <subfield code="a">33</subfield>
  </datafield>
  <datafield tag="520" ind1=" " ind2=" ">
    <subfield code="a">Afin de mieux comprendre les pratiques des m&#xE9;decins g&#xE9;n&#xE9;ralistes en lien avec les troubles mentaux et leurs attentes vis-&#xE0;-vis des acteurs de la sant&#xE9; mentale, la recherche-action &#xAB;&#xA0;Place de la sant&#xE9; mentale en m&#xE9;decine g&#xE9;n&#xE9;rale&#xA0;&#xBB; a &#xE9;t&#xE9; r&#xE9;alis&#xE9;e conjointement par le Centre collaborateur de l&#x2019;OMS (Lille) et le Centre hospitalier de La Chartreuse (Dijon). Cent un secteurs de psychiatrie ont particip&#xE9; &#xE0; l&#x2019;enqu&#xEA;te et 2076&#xA0;questionnaires ont &#xE9;t&#xE9; recueillis. Les principaux freins &#xE0; une coop&#xE9;ration efficiente entre la m&#xE9;decine g&#xE9;n&#xE9;rale et les services sp&#xE9;cialis&#xE9;s en sant&#xE9; mentale seraient li&#xE9;s aux difficult&#xE9;s d&#x2019;orientation des patients, &#xE0; la stigmatisation et la r&#xE9;ticence des patients et au co&#xFB;t &#xE9;lev&#xE9; des prises en charge en psychoth&#xE9;rapie dans le secteur priv&#xE9;. L&#x2019;optimisation de l&#x2019;action conjointe du m&#xE9;decin g&#xE9;n&#xE9;raliste et des professionnels de la psychiatrie passerait par l&#x2019;am&#xE9;lioration de la communication, de la formation et du soin en sant&#xE9; mentale en premi&#xE8;re ligne.</subfield>
  </datafield>
  <datafield tag="520" ind1=" " ind2=" ">
    <subfield code="a">National Action Research &#x201C;The Place of Mental Health in General Practice&#x201D;In order to better understand the practices of general practitioners (GP) in relation to mental health disorders and their expectations of mental health participants, the WHO Collaborating Centre (Lille) and La Chartreuse Hospital (Dijon) carried out research regarding the &#x201C;Place of Mental Health in General Medicine&#x201D;. A total of 101 psychiatric sectors participated in the study and 2,076 questionnaires were collected. The main obstacles to effective co-operation between GP and mental health services were related to the difficulties of referral, stigma and reluctance of patients, as well as the high cost of psychotherapy in the private sector. The optimization of joint action by the GP and psychiatric professionals requires an improvement in communications, training and mental health care in the primary care system.</subfield>
  </datafield>
  <datafield tag="520" ind1=" " ind2=" ">
    <subfield code="a">Con el fin de entender mejor las pr&#xE1;cticas de los m&#xE9;dicos generalistas en relaci&#xF3;n con los trastornos mentales y sus expectativas hacia los actores de la salud mental, la investigaci&#xF3;nacci&#xF3;n &#x201C;Lugar de la salud mental en la Medicina general&#x201D; se realiz&#xF3; conjuntamente por el Centro colaborador de la OMS (Lille) y el Centro hospitalario de La Chartreuse (Dijon). 101 sectores de psiquiatr&#xED;a participaron en la encuesta y se recogieron 2.076 cuestionarios. Los principales frenos a una cooperaci&#xF3;n eficiente entre la medicina general y los servicios especializados en salud mental estar&#xED;an vinculados con dificultades de orientaci&#xF3;n de los pacientes, la estigmatizaci&#xF3;n y reticiencia de los pacientes y el coste elevado de la atenci&#xF3;n en psicoterapia en el sector privado. La optimizaci&#xF3;n de la acci&#xF3;n conjunta del m&#xE9;dico generalista y de los profesionales de la psiquiatr&#xED;a pasar&#xED;a por mejorar la comunicaci&#xF3;n, formaci&#xF3;n y cuidado en salud mental de primera l&#xED;nea.</subfield>
  </datafield>
  <datafield tag="690" ind1=" " ind2=" ">
    <subfield code="a">coordination</subfield>
  </datafield>
  <datafield tag="690" ind1=" " ind2=" ">
    <subfield code="a">enqu&#xEA;te</subfield>
  </datafield>
  <datafield tag="690" ind1=" " ind2=" ">
    <subfield code="a">m&#xE9;decine g&#xE9;n&#xE9;rale</subfield>
  </datafield>
  <datafield tag="690" ind1=" " ind2=" ">
    <subfield code="a">partenariat</subfield>
  </datafield>
  <datafield tag="690" ind1=" " ind2=" ">
    <subfield code="a">psychiatrie</subfield>
  </datafield>
  <datafield tag="690" ind1=" " ind2=" ">
    <subfield code="a">questionnaire</subfield>
  </datafield>
  <datafield tag="690" ind1=" " ind2=" ">
    <subfield code="a">sant&#xE9; mentale</subfield>
  </datafield>
  <datafield tag="690" ind1=" " ind2=" ">
    <subfield code="a">coordination</subfield>
  </datafield>
  <datafield tag="690" ind1=" " ind2=" ">
    <subfield code="a">general medicine</subfield>
  </datafield>
  <datafield tag="690" ind1=" " ind2=" ">
    <subfield code="a">mental health</subfield>
  </datafield>
  <datafield tag="690" ind1=" " ind2=" ">
    <subfield code="a">partnership</subfield>
  </datafield>
  <datafield tag="690" ind1=" " ind2=" ">
    <subfield code="a">psychiatry</subfield>
  </datafield>
  <datafield tag="690" ind1=" " ind2=" ">
    <subfield code="a">questionnaire</subfield>
  </datafield>
  <datafield tag="690" ind1=" " ind2=" ">
    <subfield code="a">survey</subfield>
  </datafield>
  <datafield tag="786" ind1="0" ind2=" ">
    <subfield code="n">L'information psychiatrique | Volume 90 | 5 | 2014-06-02 | p. 311-317 | 0020-0204</subfield>
  </datafield>
  <datafield tag="856" ind1="4" ind2="1">
    <subfield code="u">https://stm.cairn.info/revue-l-information-psychiatrique-2014-5-page-311?lang=fr&amp;redirect-ssocas=7080</subfield>
  </datafield>
  <datafield tag="999" ind1=" " ind2=" ">
    <subfield code="c">1745802</subfield>
    <subfield code="d">1745802</subfield>
  </datafield>
</record>
